000
00288pab a2200121 454500
008
180718b xxu||||| |||| 00| 0 eng d
100
_a
Karat Prakash
245
_a
A multi-membewr poll panel
362
_a
21 Jun 1994, p.8
650
_a
Elections -- India
773
_a
Hindu
909
_a
26701
999
_c
26701
_d
26701